| 000 | 00671cam a2200241 4500 | ||
|---|---|---|---|
| 008 | 090401t1991 xxu||||| |||| 00| 0 eng d | ||
| 020 | _a0419155309 | ||
| 035 | _a(Sirsi) u60254 | ||
| 041 | _aeng | ||
| 050 | _a332.6324 | ||
| 100 | _aBrown, Gerald R. | ||
| 245 | _aProperty investment and the capital markets. | ||
| 260 |
_aLondon _bE. & F.N. Spon _c1991 |
||
| 300 | _axv,312p. ; 24cm. | ||
| 350 | _a37.5 | ||
| 650 | _aPERFORMANCE MEASUREMENT | ||
| 650 | _aPORTFOLIO MANAGEMENT | ||
| 650 | _aPROPERTY INVESTMENT | ||
| 650 | _aRISK | ||
| 690 | _aPROPERTY-COMMERCIAL PROPERTY-COMMERCIAL PROPERTY FINANCE AND INVESTMENT | ||
| 942 | _n0 | ||
| 948 | _c04/03/1997 | ||
| 999 |
_c94218 _d94218 |
||